00580nam a2200157 i 4500001000300000245010000003260002100103490005600124700002600180830004900206040000800255041000800263080001200271008004100283856009800324bg 0aBadania starzeniowe wybranych układów elektroizolacyjnych /c[aut.:] M. Chodyniecki [i in.]. aSzczecin,c1974.1 aPrace Naukowe Politechniki Szczecińskiej ;vnr 141 aChodyniecki, M.eRed. aPrace Naukowe Politechniki Szczecińskiej ; cBPK apol a621.315 s pl f |000 0 pol  uhttp://koha.tu.koszalin.pl/cgi-bin/koha/opac-detail.pl?biblionumber=26417yKatalog online BPK